000 00590nam a22001937a 4500
003 NUST - PNEC
005 20170116180819.0
008 150612b xxu||||| |||| 00| 0 eng d
020 _a0321016211
040 _cLIBRARY
082 _a510 HUN
100 _93917
_aHungerford, Thomas W.
245 _aMathematics with applications : in the management, natural, and social sciences : graphing technology version
_cThomas W. Hungerford
250 _a-
260 _aNew York
_bAddison-Wesley
_cc1999.
300 _aVarious Pages
650 _93921
_aMathematics
_xGeneral
942 _2ddc
_cBK
999 _c63646
_d63646